[Event "Liberec op 19th"]
[Site "Liberec"]
[Date "2019.02.26"]
[Round "4"]
[White "Bahtin, Vladimir"]
[Black "Nemcova, Karin"]
[Result "1-0"]
[WhiteElo "2138"]
[BlackElo "2033"]
[PlyCount "73"]
[EventDate "2019.02.23"]
[EventType "swiss"]
[EventRounds "9"]
[EventCountry "CZE"]
[SourceTitle "CBM 189 Extra"]
[Source "ChessBase"]
[SourceDate "2019.05.31"]
[SourceVersion "1"]
[SourceVersionDate "2019.05.31"]
[SourceQuality "1"]

1. d4 Nf6 2. Nf3 d5 3. c4 e6 4. g3 dxc4 5. Bg2 Bd7 6. Nbd2 Bc6 7. Nxc4 Bd5 8. b3 c5 9. 0-0 Nc6 10. Bb2 cxd4 11. Nxd4 Nxd4 12. Qxd4 Bxg2 13. Kxg2 Qxd4 14. Bxd4 Be7 15. Ne5 Rd8 16. Rad1 b6 17. Nc6 Rd7 18. a4 Rc7 19. Rc1 0-0 20. Be5 Rd7 21. Nxe7+ Rxe7 22. Bd6 Rd7 23. Bxf8 Kxf8 24. Rfd1 Rb7 25. Rd4 Ke7 26. e4 Nd7 27. b4 a5 28. bxa5 bxa5 29. Rc6 e5 30. Rdc4 Nb6 31. Rc7+ Rxc7 32. Rxc7+ Kd6 33. Rxf7 Nxa4 34. Rxg7 Nc5 35. Rxh7 Nxe4 36. Ra7 Kc6 37. Rxa5 1-0

[Event "Moscow-ch"]
[Site "Moscow"]
[Date "1997.??.??"]
[Round "5"]
[White "Agrinsky, Vladimir Petrovich"]
[Black "Bahtin, Vladimir"]
[Result "1/2-1/2"]
[WhiteElo "2215"]
[BlackElo "2305"]
[PlyCount "59"]
[EventDate "1997.??.??"]
[EventType "swiss"]
[EventRounds "9"]
[EventCountry "RUS"]
[SourceTitle "EXT 2000"]
[Source "ChessBase"]
[SourceDate "1999.11.16"]
[SourceVersion "1"]
[SourceVersionDate "1999.11.16"]
[SourceQuality "1"]

1. d4 e6 2. c4 b6 3. Nc3 Bb4 4. d5 Nf6 5. f3 0-0 6. Bg5 Bxc3+ 7. bxc3 h6 8. Bh4 d6 9. e4 Re8 10. Be2 Nbd7 11. Nh3 Nf8 12. Nf2 Ng6 13. Bxf6 Qxf6 14. Qd4 e5 15. Qe3 Nf4 16. Bf1 Qg5 17. Kd2 Qe7 18. g3 Ng6 19. h4 a5 20. Bd3 Ba6 21. f4 exf4 22. gxf4 Qf6 23. h5 Nxf4 24. Ng4 Qg5 25. Rag1 Kf8 26. Nh2 Qe5 27. Ng4 Qg5 28. Nh2 Qe5 29. Ng4 Qg5 30. Nh2 1/2-1/2

[Event "Moscow-ch"]
[Site "Moscow"]
[Date "1997.??.??"]
[Round "1"]
[White "Balashov, Yuri S"]
[Black "Bahtin, Vladimir"]
[Result "1-0"]
[WhiteElo "2510"]
[BlackElo "2305"]
[PlyCount "69"]
[EventDate "1997.??.??"]
[EventType "swiss"]
[EventRounds "9"]
[EventCountry "RUS"]
[SourceTitle "EXT 2000"]
[Source "ChessBase"]
[SourceDate "1999.11.16"]
[SourceVersion "1"]
[SourceVersionDate "1999.11.16"]
[SourceQuality "1"]

1. c4 c5 2. Nf3 Nc6 3. Nc3 g6 4. e3 Nf6 5. d4 cxd4 6. exd4 d6 7. d5 Nb8 8. Be2 Bg7 9. 0-0 0-0 10. Bg5 Na6 11. Rc1 Nc5 12. Nd4 Nfe4 13. Nxe4 Nxe4 14. Be3 Bd7 15. f3 Nc5 16. b4 Na6 17. Qd2 Re8 18. f4 Nc7 19. Bf3 Rb8 20. Rfe1 a6 21. Nb3 Ba4 22. Na5 Qd7 23. c5 dxc5 24. bxc5 Qc8 25. Qb4 Bd7 26. Nc4 Na8 27. Ne5 f6 28. Nxd7 Qxd7 29. Red1 Nc7 30. Qc4 Qb5 31. Be2 Qxc4 32. Bxc4 Kf8 33. f5 gxf5 34. Bf4 Rbc8 35. d6 1-0

[Event "Moscow-ch"]
[Site "Moscow"]
[Date "1997.??.??"]
[Round "3"]
[White "Kostin, Mikhail Y"]
[Black "Bahtin, Vladimir"]
[Result "1/2-1/2"]
[WhiteElo "2185"]
[BlackElo "2305"]
[PlyCount "102"]
[EventDate "1997.??.??"]
[EventType "swiss"]
[EventRounds "9"]
[EventCountry "RUS"]
[SourceTitle "EXT 2000"]
[Source "ChessBase"]
[SourceDate "1999.11.16"]
[SourceVersion "1"]
[SourceVersionDate "1999.11.16"]
[SourceQuality "1"]

1. Nf3 Nc6 2. d4 d5 3. g3 Bf5 4. Bg2 Nb4 5. Na3 e6 6. c3 Nc6 7. Nc2 Bd6 8. 0-0 h6 9. Nce1 Nf6 10. Nd3 Be4 11. Bf4 0-0 12. b3 Nh5 13. Bc1 f5 14. Nfe5 Bxg2 15. Kxg2 Qe8 16. Nxc6 Qxc6 17. e3 Nf6 18. Bb2 Qe8 19. a4 Qe7 20. c4 c6 21. Qc1 Ne4 22. f3 Ng5 23. Ba3 Nf7 24. Bxd6 Qxd6 25. Qa3 Rad8 26. Qxd6 Rxd6 27. c5 Rdd8 28. b4 Rfe8 29. f4 a6 30. Rfb1 Ra8 31. Kf2 g5 32. Rb2 Kg7 33. Rab1 Kf6 34. b5 axb5 35. axb5 Ra3 36. Ke2 Rea8 37. bxc6 bxc6 38. Rb6 Ra2+ 39. R1b2 Rxb2+ 40. Rxb2 g4 41. Kd2 h5 42. Nc1 h4 43. Rb6 Nd8 44. Kc3 h3 45. Nd3 Ra2 46. Rb2 Ra1 47. Ne5 Rg1 48. Ra2 Rg2 49. Ra8 Ke7 50. Ra7+ Kf8 51. Ra8 Ke7 1/2-1/2